| 000 | 01067nam a22003015a 4500 | ||
|---|---|---|---|
| 003 | EG-ScBUE | ||
| 005 | 20211118113813.0 | ||
| 008 | 170213s2017 ua f 000 f ara d | ||
| 017 | _a2013 / 19689 | ||
| 020 | _a9789775153364 | ||
| 040 |
_aEG-ScBUE _bara _erda _cEG-ScBUE _dEG-ScBUE |
||
| 082 | 0 | 4 |
_a892.737 _bص ا د _222 |
| 100 | 1 |
_aصادق، محمد، _d1987- _eمؤلف. _941953 |
|
| 245 | 1 | 0 |
_aهيبتا : _bرواية / _cمحمد صادق. |
| 250 | _aالطبعة الحادية والخمسون. | ||
| 264 | 1 |
_aالجيزة : _bالرواق للنشر والتوزيع، _c2017. |
|
| 300 |
_a247 صفحة ؛ _c20 سم |
||
| 336 |
_2rdacontent _aنص _btxt |
||
| 337 |
_2rdamedia _aبدون وسيط _bn |
||
| 338 |
_2rdacarrier _aمجلد _bnc |
||
| 500 | _aالطبعة 48 عام 2016. | ||
| 541 |
_aمحمد صادق ؛ _cإهداء ؛ |
||
| 650 | 7 |
_aالقصص العربية _zمصر _yقرن21. _2BUEsh |
|
| 651 | _2BUEsh | ||
| 653 |
_bARALIT _bGGEN _cFebruary2017 _cDecember2018 |
||
| 655 |
_vReading book _934232 |
||
| 942 | _2ddc | ||
| 999 |
_c24137 _d24109 |
||